00270nam a2200121Ia 4500003000400000005001700004008004100021020000800062040002000070100001600090245002400106260001800130OSt20240311110128.0170524s9999 xx 000 0 und d aNIL cIIMT UNIVERSITY aGUPTA- P.K. 0aANUPARUKAT BHAUTIKI bM. NGR: ASIAN